000 01147nam a22002537a 4500
005 20170124103127.0
010 _aB-134868
020 _c500.00
035 _aB-134868
037 _bCen Lib/Ret
040 _aDPL
_bHN
082 _a796
_bशर्माए
100 _aशर्मा, एन.पी
_983429
245 _aशारीरिक शिक्षा /
_cएन.पी शर्मा
246 _aSharirik shiksha /
_bby AP.N. Sharma
260 _aदिल्ली
_bखेल साहित्य केंद्र
_c2006
270 _bदिल्ली
_aव्ब्ल्यु.पी-४७४, प्रथम मंजिल, शिव मार्किट अशोक विहार
_e110052
300 _a301पृ.
_c20सेमी(सजिल्द )
650 _aशारीरिक शिक्षा
_x
_z
_983430
650 _aशारीरिक शिक्षा --खेल मनोविज्ञान
_983431
650 _aphysical education
_922886
650 _aPhysical Education Psychology --games
_983432
942 _2ddc
_cHN
_h796
_mशर्माए
999 _c119116
_d119116